| 000 | 00501nam a22001937a 4500 | ||
|---|---|---|---|
| 003 | MPLRDC | ||
| 005 | 20220104143159.0 | ||
| 008 | 210129b ||||| |||| 00| 0 eng d | ||
| 020 | _a957-526-245-X | ||
| 082 | _a435.49 HDY | ||
| 100 | _a黄墩岩总编辑 | ||
| 245 |
_a实用押花艺术入门 _c |
||
| 250 | _a第一版 | ||
| 260 |
_a _b瑞升文化图书事业有限公司 _c1992 |
||
| 300 | _b平 | ||
| 490 | _a情趣生活. 15 | ||
| 650 | _a观赏园艺--花饰 | ||
| 942 |
_cBK _o435.49 HDY |
||
| 999 |
_c37398 _d37388 |
||